000 00191 a2200097 4500
001 7529
100 _aA R C
245 _aR & M Nos 3319-3332
260 _a
_bH M S O
_c
090 _c6030
_d6030
942 _aNUST-CAE
_cM
_c32524
999 _c242602
_d242602